पर्वतराजीतील चमत्कार (Record no. 405542)
[ view plain ]
| 000 -LEADER | |
|---|---|
| fixed length control field | 00629nam a2200169Ia 4500 |
| 008 - FIXED-LENGTH DATA ELEMENTS--GENERAL INFORMATION | |
| fixed length control field | 100122s9999 xx 000 0 und d |
| 082 ## - DEWEY DECIMAL CLASSIFICATION NUMBER | |
| Item number | 15222 |
| Classification number | 923.673 |
| 100 ## - MAIN ENTRY--PERSONAL NAME | |
| Personal name | हसमनीस द का |
| 245 ## - TITLE STATEMENT | |
| Title | पर्वतराजीतील चमत्कार |
| 260 ## - PUBLICATION, DISTRIBUTION, ETC. (IMPRINT) | |
| Name of publisher, distributor, etc | कुलकर्णी ग्रंथगार |
| Date of publication, distribution, etc | 1968 |
| 300 ## - PHYSICAL DESCRIPTION | |
| Extent | 139 |
| 520 ## - SUMMARY, ETC. | |
| Summary, etc | मेरी टी स्लूप |
| 620 ## - | |
| -- | मेरी टी स्लूप |
| 630 ## - SUBJECT ADDED ENTRY--UNIFORM TITLE | |
| Uniform title | पर्वतराजीतील चमत्कार |
| 730 ## - ADDED ENTRY--UNIFORM TITLE | |
| Uniform title | पर्वतराजीतील चमत्कार |
| 942 ## - ADDED ENTRY ELEMENTS (KOHA) | |
| Koha item type | Book |
No items available.